| 000 | 00586nam a22002057a 4500 | ||
|---|---|---|---|
| 020 | _a9789388668125 | ||
| 041 | _aEnglish | ||
| 082 |
_a631.4 _bASH/FU |
||
| 100 | _aAshokkumar V Rajani | ||
| 100 | _aAmardipsinh S Jadeja | ||
| 245 | _aFundamentals of soils and plant nutrients | ||
| 260 |
_aDelhi _bJaya Publishing House _c2019 |
||
| 300 | _axi, 312, I-XII | ||
| 650 | _aSoil Back Ground Information | ||
| 650 | _aSoil Forming Rocks and Minerals | ||
| 650 | _aSoil Forming Processing and Factors | ||
| 650 | _aSoil Physical Properties | ||
| 650 | _aSoil Water | ||
| 942 | _cBK | ||
| 999 |
_c308365 _d308365 |
||